[Event "SWE-chT 2324 Elite"]
[Site "Sweden"]
[Date "2023.10.13"]
[Round "1.3"]
[White "Lyrberg, Patrik"]
[Black "Danchevski, Orce"]
[Result "1/2-1/2"]
[WhiteElo "2446"]
[BlackElo "2340"]
[PlyCount "99"]
[EventDate "2023.10.13"]
[EventType "team-tourn"]
[EventRounds "9"]
[EventCountry "SWE"]
[SourceTitle "Mega2024 Update 01"]
[Source "Chessbase"]
[SourceDate "2023.11.12"]
[SourceVersion "1"]
[SourceVersionDate "2023.11.12"]
[SourceQuality "1"]
[WhiteTeam "Kungstornet"]
[BlackTeam "Eksjo"]
[WhiteTeamCountry "SWE"]
[BlackTeamCountry "SWE"]

1. d4 Nf6 2. c4 e6 3. Nc3 d5 4. cxd5 exd5 5. Bg5 Be7 6. e3 c6 7. Bd3 0-0 8. Qc2 Nbd7 9. Nf3 Re8 10. 0-0 Nf8 11. h3 Ng6 12. Ne5 Nd7 13. Bxe7 Qxe7 14. f4 Ndxe5 15. dxe5 Nf8 16. e4 Qc5+ 17. Kh1 d4 18. Qf2 Be6 19. f5 Bc4 20. Na4 Qb5 21. Bxc4 Qxc4 22. b3 Qb4 23. Qg3 b5 24. Nb2 Nd7 25. Nd3 Qe7 26. a4 Kh8 27. axb5 cxb5 28. f6 gxf6 29. exf6 Nxf6 30. Rae1 Nxe4 31. Qg4 Qe6 32. Qf4 f5 33. Kg1 a5 34. Qxf5 Qxf5 35. Rxf5 a4 36. bxa4 bxa4 37. Rd5 Nc3 38. Rxe8+ Rxe8 39. Ra5 Re3 40. Nf4 Kg7 41. Nd5 Nxd5 42. Rxd5 a3 43. Kf2 Rd3 44. Ke2 Re3+ 45. Kf2 Re7 46. Ra5 Re3 47. Ra4 Rd3 48. Ke2 Re3+ 49. Kf2 Rd3 50. Ke2 1/2-1/2

[Event "SWE-chT 2223 Elite"]
[Site "Sweden"]
[Date "2022.10.14"]
[Round "1.2"]
[White "Lyrberg, Patrik"]
[Black "Norberg, Johan"]
[Result "0-1"]
[WhiteElo "2451"]
[BlackElo "2275"]
[PlyCount "66"]
[EventDate "2022.10.14"]
[EventType "team-tourn"]
[EventRounds "9"]
[EventCountry "SWE"]
[SourceTitle "CBM 210 Extra"]
[Source "ChessBase"]
[SourceDate "2022.11.30"]
[SourceVersion "1"]
[SourceVersionDate "2022.11.30"]
[SourceQuality "1"]
[WhiteTeam "Kungstornet"]
[BlackTeam "Vasteras"]
[WhiteTeamCountry "SWE"]
[BlackTeamCountry "SWE"]

1. d4 d6 2. e4 Nf6 3. Nc3 g6 4. Nf3 Bg7 5. h3 0-0 6. a4 c6 7. Be2 Nbd7 8. 0-0 e5 9. dxe5 dxe5 10. Be3 Qe7 11. Qd3 Nh5 12. Qc4 Nf4 13. a5 Re8 14. Rfd1 Bf8 15. Bf1 Nf6 16. Kh2 g5 17. g3 Nxh3 18. Bxh3 g4 19. Nh4 gxh3 20. Nf5 Qe6 21. Qe2 Nxe4 22. Nxe4 Qxf5 23. Bg5 Be6 24. Nf6+ Kg7 25. Nxe8+ Rxe8 26. Rd8 Rxd8 27. Bxd8 Bc5 28. c3 e4 29. Rf1 Qf3 30. Qxf3 exf3 31. g4 Bc4 32. Re1 Bxf2 33. Re7 Bc5 0-1

[Event "SWE-chT 2122 Elite"]
[Site "Sweden"]
[Date "2022.03.20"]
[Round "5.3"]
[White "Lyrberg, Patrik"]
[Black "Lokander, Martin"]
[Result "1/2-1/2"]
[WhiteElo "2462"]
[BlackElo "2473"]
[PlyCount "71"]
[EventDate "2021.12.03"]
[EventType "team-tourn"]
[EventRounds "9"]
[EventCountry "SWE"]
[SourceTitle "EXT 2023"]
[Source "ChessBase"]
[SourceDate "2022.10.05"]
[SourceVersion "1"]
[SourceVersionDate "2022.10.05"]
[SourceQuality "1"]
[WhiteTeam "Kungstornet"]
[BlackTeam "Stockholm CC"]
[WhiteTeamCountry "SWE"]
[BlackTeamCountry "SWE"]

1. d4 d5 2. c4 c6 3. Nf3 Nf6 4. e3 Bf5 5. Nc3 e6 6. Qb3 Qb6 7. Qxb6 axb6 8. Nh4 Bg6 9. Nxg6 hxg6 10. Bd3 Nbd7 11. 0-0 Bd6 12. g3 dxc4 13. Bxc4 b5 14. Bb3 e5 15. f3 0-0 16. Bd2 exd4 17. exd4 Bb4 18. Ne4 Bxd2 19. Nxd2 Rad8 20. Ne4 Nxe4 21. fxe4 Nf6 22. e5 Nd5 23. a4 Nc7 24. axb5 Nxb5 25. e6 fxe6 26. Bxe6+ Kh7 27. Rxf8 Rxf8 28. Ra4 g5 29. Bc4 Nd6 30. Bd3+ g6 31. Ra5 Kh6 32. d5 Rf3 33. Bf1 Rb3 34. dxc6 bxc6 35. Ra6 Rxb2 36. Rxc6 1/2-1/2

[Event "SWE-chT 2122 Elite"]
[Site "Sweden"]
[Date "2022.03.18"]
[Round "3.2"]
[White "Kulaots, Kaido"]
[Black "Lyrberg, Patrik"]
[Result "1-0"]
[WhiteElo "2519"]
[BlackElo "2462"]
[PlyCount "41"]
[EventDate "2021.12.03"]
[EventType "team-tourn"]
[EventRounds "9"]
[EventCountry "SWE"]
[SourceTitle "EXT 2023"]
[Source "ChessBase"]
[SourceDate "2022.10.05"]
[SourceVersion "1"]
[SourceVersionDate "2022.10.05"]
[SourceQuality "1"]
[WhiteTeam "Lunds"]
[BlackTeam "Kungstornet"]
[WhiteTeamCountry "SWE"]
[BlackTeamCountry "SWE"]

1. e4 e5 2. Nf3 Nc6 3. Bb5 a6 4. Ba4 Nf6 5. 0-0 Be7 6. Re1 b5 7. Bb3 d6 8. c3 Na5 9. Bc2 c5 10. h3 Nc6 11. d4 exd4 12. cxd4 Nb4 13. Nc3 Nxc2 14. Qxc2 Bb7 15. dxc5 dxc5 16. Bg5 Nd7 17. Bxe7 Qxe7 18. Nd5 Qd8 19. Rad1 0-0 20. e5 Re8 21. Qf5 1-0

[Event "SWE-chT 1920 Superettan"]
[Site "Sweden"]
[Date "2020.02.29"]
[Round "6"]
[White "Lindh, Fredrik"]
[Black "Lyrberg, Patrik"]
[Result "0-1"]
[WhiteElo "2259"]
[BlackElo "2460"]
[PlyCount "100"]
[EventDate "2019.10.18"]
[EventType "team-tourn"]
[EventRounds "9"]
[EventCountry "SWE"]
[SourceTitle "EXT 2023"]
[Source "ChessBase"]
[SourceDate "2022.10.05"]
[SourceVersion "1"]
[SourceVersionDate "2022.10.05"]
[SourceQuality "1"]
[WhiteTeam "Kristallen"]
[BlackTeam "Kungstornet"]
[WhiteTeamCountry "SWE"]
[BlackTeamCountry "SWE"]

1. e4 c6 2. d4 d5 3. e5 g6 4. f4 h5 5. Nf3 Bg4 6. Be2 e6 7. 0-0 Bxf3 8. Bxf3 Qb6 9. a4 a5 10. Na3 Nh6 11. Qd3 Nf5 12. c3 Na6 13. Nc2 Be7 14. Bd2 Qb3 15. Rfb1 0-0 16. Bd1 Rfe8 17. g3 c5 18. Qb5 Qxb5 19. axb5 Nb8 20. Ne3 Nxe3 21. Bxe3 Nd7 22. Ra2 cxd4 23. Bxd4 Bc5 24. Bxc5 Nxc5 25. Bc2 b6 26. Rd1 Kg7 27. Kf2 a4 28. Rd4 Ra5 29. Rb4 Rea8 30. Ra3 f5 31. exf6+ Kxf6 32. h4 R5a7 33. Ke3 Nb7 34. Raxa4 Rxa4 35. Bxa4 Nd6 36. Bc2 Nc4+ 37. Kd3 Ra1 38. b3 Nd6 39. Ke2 Rg1 40. Bd3 Rxg3 41. Ra4 Ne4 42. Bxe4 dxe4 43. Kd2 Rd3+ 44. Kc2 Kf5 45. c4 Rd8 46. b4 e3 47. Ra1 Kxf4 48. Rd1 e2 49. Rh1 Kf3 50. c5 Kg2 0-1

[Event "SWE-chT 1920 Superettan"]
[Site "Sweden"]
[Date "2019.10.18"]
[Round "1"]
[White "Lyrberg, Patrik"]
[Black "Laveryd, Peter"]
[Result "1-0"]
[WhiteElo "2460"]
[BlackElo "2367"]
[PlyCount "89"]
[EventDate "2019.10.18"]
[EventType "team-tourn"]
[EventRounds "9"]
[EventCountry "SWE"]
[SourceTitle "EXT 2023"]
[Source "ChessBase"]
[SourceDate "2022.10.05"]
[SourceVersion "1"]
[SourceVersionDate "2022.10.05"]
[SourceQuality "1"]
[WhiteTeam "Kungstornet"]
[BlackTeam "Norrkoping Schack 08"]
[WhiteTeamCountry "SWE"]
[BlackTeamCountry "SWE"]

1. c4 b6 2. d4 e6 3. e4 Bb7 4. Bd3 Bb4+ 5. Kf1 Be7 6. Nc3 d6 7. h4 e5 8. Nf3 Nd7 9. d5 Ngf6 10. Be2 Bc8 11. Be3 Ng4 12. Bd2 a5 13. Ne1 Ngf6 14. Nd3 Nc5 15. Nxc5 dxc5 16. g3 0-0 17. Kg2 Ne8 18. f4 Bf6 19. Bd3 Nd6 20. f5 g6 21. Qf3 gxf5 22. exf5 e4 23. Nxe4 Bxf5 24. Nxf6+ Qxf6 25. Bc3 Qg6 26. h5 Qg4 27. Qxg4+ Bxg4 28. Rae1 Rfe8 29. Be5 Rad8 30. h6 f5 31. b3 Kf7 32. Rhf1 Kg6 33. Bf4 Rxe1 34. Rxe1 Re8 35. Rxe8 Nxe8 36. Kf2 Kf6 37. Ke3 Kg6 38. Bc2 Kf6 39. a3 Nd6 40. Kd3 Bh3 41. Kc3 Bf1 42. g4 fxg4 43. Bxh7 g3 44. Bxg3 Kg5 45. Bf4+ 1-0

[Event "Prague Summer op-A 6th"]
[Site "Prague"]
[Date "2019.08.06"]
[Round "6"]
[White "Lyrberg, Patrik"]
[Black "Vokac, Marek"]
[Result "1-0"]
[WhiteElo "2457"]
[BlackElo "2319"]
[PlyCount "41"]
[EventDate "2019.08.02"]
[EventType "swiss"]
[EventRounds "9"]
[EventCountry "CZE"]
[SourceTitle "CBM 191 Extra"]
[Source "ChessBase"]
[SourceDate "2019.09.30"]
[SourceVersion "1"]
[SourceVersionDate "2019.09.30"]
[SourceQuality "1"]

1. d4 g6 2. c4 Bg7 3. Nc3 c5 4. d5 Bxc3+ 5. bxc3 f5 6. h4 Nf6 7. h5 Rg8 8. hxg6 hxg6 9. e4 fxe4 10. d6 Qa5 11. Rh3 Nc6 12. Bg5 Nd4 13. Ne2 Ne6 14. Qd2 Nxg5 15. Qxg5 Qa6 16. Rd1 Qxc4 17. Rh7 exd6 18. Qxf6 Qe6 19. Qxe6+ dxe6 20. Rxd6 Rf8 21. Ng3 1-0

[Event "Prague Summer op-A 6th"]
[Site "Prague"]
[Date "2019.08.03"]
[Round "2"]
[White "Lyrberg, Patrik"]
[Black "Chudinovskikh, Alexander M"]
[Result "1-0"]
[WhiteElo "2457"]
[BlackElo "2145"]
[PlyCount "79"]
[EventDate "2019.08.02"]
[EventType "swiss"]
[EventRounds "9"]
[EventCountry "CZE"]
[SourceTitle "CBM 191 Extra"]
[Source "ChessBase"]
[SourceDate "2019.09.30"]
[SourceVersion "1"]
[SourceVersionDate "2019.09.30"]
[SourceQuality "1"]

1. Nf3 Nf6 2. c4 c5 3. g3 g6 4. Bg2 Bg7 5. Nc3 0-0 6. d4 cxd4 7. Nxd4 Nc6 8. 0-0 Nxd4 9. Qxd4 d6 10. Qd3 a6 11. b3 Bf5 12. Qe3 Rb8 13. Bb2 b5 14. cxb5 axb5 15. Qd2 Qa5 16. Ne4 Qxd2 17. Nxd2 Rfc8 18. Rfc1 b4 19. Nc4 Ne4 20. Bxg7 Kxg7 21. g4 Nc3 22. Rxc3 bxc3 23. gxf5 gxf5 24. Rc1 Rb5 25. Rxc3 d5 26. Nd6 Rxc3 27. Nxb5 Rc1+ 28. Bf1 f4 29. e3 f3 30. a4 Ra1 31. Nd4 Kf6 32. Nxf3 e5 33. e4 Rd1 34. exd5 e4 35. Nh4 Rb1 36. d6 Rxb3 37. d7 Ke7 38. Bb5 Rb1+ 39. Kg2 Rd1 40. Kg3 1-0

[Event "Norrkoeping Easter op"]
[Site "Norrkoeping"]
[Date "2019.04.22"]
[Round "8"]
[White "Lyrberg, Patrik"]
[Black "Olund, Joar"]
[Result "1-0"]
[WhiteElo "2457"]
[BlackElo "2353"]
[PlyCount "57"]
[EventDate "2019.04.19"]
[EventType "swiss"]
[EventRounds "8"]
[EventCountry "SWE"]
[SourceTitle "CBM 189 Extra"]
[Source "ChessBase"]
[SourceDate "2019.06.03"]
[SourceVersion "1"]
[SourceVersionDate "2019.06.03"]
[SourceQuality "1"]

1. c4 e5 2. Nc3 Nc6 3. Nf3 Nf6 4. g3 Bc5 5. Bg2 d6 6. e3 a6 7. a3 0-0 8. b4 Ba7 9. d3 h6 10. Bb2 Rb8 11. Rc1 Be6 12. 0-0 Qd7 13. Re1 Rfe8 14. Qc2 Ne7 15. c5 Ng6 16. Ne4 Nxe4 17. dxe4 dxc5 18. Nxe5 Nxe5 19. Bxe5 f6 20. Bc3 cxb4 21. axb4 Qb5 22. Qb2 Bf7 23. Red1 Rbd8 24. Rxd8 Rxd8 25. e5 fxe5 26. Bxe5 c5 27. Bxg7 Qxb4 28. Qa1 Qg4 29. Bh8 1-0

[Event "Norrkoeping Easter op"]
[Site "Norrkoeping"]
[Date "2019.04.19"]
[Round "3"]
[White "Janse, Love"]
[Black "Lyrberg, Patrik"]
[Result "1-0"]
[WhiteElo "2180"]
[BlackElo "2457"]
[PlyCount "96"]
[EventDate "2019.04.19"]
[EventType "swiss"]
[EventRounds "8"]
[EventCountry "SWE"]
[SourceTitle "CBM 189 Extra"]
[Source "ChessBase"]
[SourceDate "2019.06.03"]
[SourceVersion "1"]
[SourceVersionDate "2019.06.03"]
[SourceQuality "1"]

1. e4 e5 2. Nc3 d6 3. Bc4 Nf6 4. d3 c6 5. f4 b5 6. Bb3 Nbd7 7. Nf3 Be7 8. 0-0 0-0 9. a3 Nc5 10. Ba2 exf4 11. Bxf4 Ne6 12. Bg3 d5 13. e5 Ng4 14. Qd2 f5 15. Ne2 g5 16. h3 Nh6 17. d4 f4 18. Bf2 g4 19. hxg4 Nxg4 20. c3 Ng5 21. Nxf4 Ne4 22. Qc1 Ngxf2 23. Rxf2 Nxf2 24. Kxf2 Bg5 25. g3 Bf5 26. Qe3 a5 27. Bb1 Bxf4 28. gxf4 Qd7 29. Nh4 Bxb1 30. Rxb1 Kh8 31. e6 Qd6 32. Kf3 Rxf4+ 33. Qxf4 Rf8 34. Ng2 Kg7 35. Re1 Qe7 36. Re5 Rxf4+ 37. Nxf4 Kf8 38. Nh5 Ke8 39. Ng3 Qh4 40. e7 Qf6+ 41. Nf5 Qg6 42. Kf4 h6 43. Re3 Qg5+ 44. Ke5 Kd7 45. Rg3 Qd2 46. Rg8 Qe2+ 47. Kf6 Qe6+ 48. Kg7 Qf6+ 1-0

[Event "SWE-chT 1819 Superettan"]
[Site "Sweden"]
[Date "2019.01.12"]
[Round "4"]
[White "Lyrberg, Patrik"]
[Black "Wengholm, Anders"]
[Result "1-0"]
[WhiteElo "2452"]
[BlackElo "2209"]
[PlyCount "57"]
[EventDate "2018.11.09"]
[EventType "team-tourn"]
[EventRounds "9"]
[EventCountry "SWE"]
[SourceTitle "EXT 2020"]
[Source "ChessBase"]
[SourceDate "2019.10.17"]
[SourceVersion "1"]
[SourceVersionDate "2019.10.17"]
[SourceQuality "1"]
[WhiteTeam "Kungstornet"]
[BlackTeam "Alingsas"]
[WhiteTeamCountry "SWE"]
[BlackTeamCountry "SWE"]

1. d4 Nf6 2. c4 g6 3. Nc3 Bg7 4. e4 d6 5. Nf3 0-0 6. Be2 c5 7. d5 e6 8. h3 Re8 9. 0-0 exd5 10. exd5 Bf5 11. g4 Bc8 12. Bg5 Qb6 13. Qd2 h5 14. Bxf6 Bxf6 15. gxh5 Bxh3 16. hxg6 Bf5 17. Bd3 Bxd3 18. Qxd3 Kg7 19. gxf7 Rh8 20. Qf5 Qd8 21. Ne4 Rh6 22. Rae1 Na6 23. Neg5 Qh8 24. Ne6+ Kxf7 25. Neg5+ Kf8 26. Re7 Re8 27. Rxe8+ Kxe8 28. Qc8+ Ke7 29. Qe6+ 1-0

[Event "Rilton Cup 48th"]
[Site "Stockholm"]
[Date "2019.01.04"]
[Round "8"]
[White "Eggleston, David"]
[Black "Lyrberg, Patrik"]
[Result "1/2-1/2"]
[WhiteElo "2397"]
[BlackElo "2446"]
[PlyCount "119"]
[EventDate "2018.12.27"]
[EventType "swiss"]
[EventRounds "9"]
[EventCountry "SWE"]
[SourceTitle "CBM 188 Extra"]
[Source "ChessBase"]
[SourceDate "2019.02.26"]
[SourceVersion "1"]
[SourceVersionDate "2019.02.26"]
[SourceQuality "1"]

1. e4 e5 2. Nf3 Nc6 3. Bc4 Bc5 4. c3 Nf6 5. d3 a5 6. 0-0 0-0 7. d4 Bb6 8. dxe5 Nxe4 9. Bd5 Nc5 10. Bg5 Ne7 11. Na3 h6 12. Bh4 d6 13. exd6 Qxd6 14. Bxb7 Qxd1 15. Rfxd1 Nxb7 16. Bxe7 Re8 17. Bh4 g5 18. Bg3 f5 19. h4 f4 20. Bh2 Nd6 21. hxg5 Ne4 22. Nd4 hxg5 23. Nc4 Bc5 24. f3 Nd6 25. Nxd6 Bxd6 26. Kf2 Kf7 27. g4 Bb7 28. Re1 Rh8 29. Bg1 Rh3 30. Rad1 Rah8 31. Rd3 Rg3 32. a4 Ba6 33. c4 Rb8 34. b3 Bc5 35. Re5 Rxb3 36. Rf5+ Kg6 37. Rxc5 Rxd3 38. Rc6+ Kf7 39. Ke2 Ra3 40. Bf2 Ra2+ 41. Kf1 Ra1+ 42. Ke2 Rg2 43. Rxa6 c5 44. Ra7+ Ke8 45. Nc2 Ra2 46. Kf1 Rh2 47. Kg1 Rxf2 48. Kxf2 Rxc2+ 49. Ke1 Rxc4 50. Rxa5 Kd7 51. Ra6 Rc3 52. Rg6 Rxf3 53. Rxg5 Kc6 54. Rf5 Re3+ 55. Kd2 Re4 56. a5 Kb5 57. g5 Ra4 58. a6 Rxa6 59. Rxf4 Ra2+ 60. Kc3 1/2-1/2

[Event "Rilton Cup 48th"]
[Site "Stockholm"]
[Date "2019.01.03"]
[Round "7"]
[White "Lyrberg, Patrik"]
[Black "Fernandez Barrera, Victor"]
[Result "1-0"]
[WhiteElo "2446"]
[BlackElo "2334"]
[PlyCount "89"]
[EventDate "2018.12.27"]
[EventType "swiss"]
[EventRounds "9"]
[EventCountry "SWE"]
[SourceTitle "CBM 188 Extra"]
[Source "ChessBase"]
[SourceDate "2019.02.26"]
[SourceVersion "1"]
[SourceVersionDate "2019.02.26"]
[SourceQuality "1"]

1. d4 Nf6 2. Nf3 g6 3. Bf4 Bg7 4. Nbd2 c5 5. c3 0-0 6. h3 d6 7. dxc5 dxc5 8. e4 b6 9. Qc2 Bb7 10. Be2 Qc8 11. 0-0 Nc6 12. a4 Na5 13. Rfe1 Nxe4 14. Nxe4 Qf5 15. Nf6+ Bxf6 16. Qxf5 gxf5 17. Ne5 Rfd8 18. Rad1 Bxe5 19. Bxe5 Bd5 20. Rd3 c4 21. Rg3+ Kf8 22. Bh5 Nc6 23. Bc7 Rdc8 24. Bf4 e5 25. Bh6+ Ke7 26. Rd1 Be6 27. Rg7 Rd8 28. Bg5+ Kf8 29. Rxd8+ Rxd8 30. Rxh7 Rd5 31. Bf6 Ke8 32. Rh8+ Kd7 33. Rf8 e4 34. Bxf7 Rd1+ 35. Kh2 Bxf7 36. Rxf7+ Ke6 37. Rf8 Ne5 38. Bxe5 Kxe5 39. g4 fxg4 40. hxg4 Rd2 41. Kg3 Rxb2 42. Re8+ Kd5 43. g5 Rc2 44. g6 Rxc3+ 45. Kg2 1-0

[Event "SWE-chT 1819 Superettan"]
[Site "Sweden"]
[Date "2018.11.09"]
[Round "1"]
[White "Bjerre, Jonas Buhl"]
[Black "Lyrberg, Patrik"]
[Result "1-0"]
[WhiteElo "2423"]
[BlackElo "2452"]
[PlyCount "123"]
[EventDate "2018.11.09"]
[EventType "team-tourn"]
[EventRounds "9"]
[EventCountry "SWE"]
[SourceTitle "EXT 2020"]
[Source "ChessBase"]
[SourceDate "2019.10.17"]
[SourceVersion "1"]
[SourceVersionDate "2019.10.17"]
[SourceQuality "1"]
[WhiteTeam "Stockholm Rockaden II"]
[BlackTeam "Kungstornet"]
[WhiteTeamCountry "SWE"]
[BlackTeamCountry "SWE"]

1. e4 e5 2. Nf3 Nc6 3. Bb5 a6 4. Ba4 Nf6 5. 0-0 Be7 6. Re1 b5 7. Bb3 d6 8. c3 0-0 9. h3 Nb8 10. d4 Nbd7 11. Nbd2 c5 12. Nf1 exd4 13. cxd4 c4 14. Bc2 d5 15. e5 Ne4 16. Ne3 Nb6 17. Nxd5 Nxd5 18. Bxe4 Be6 19. Nh2 Qd7 20. Qh5 g6 21. Qh6 f5 22. exf6 Bxf6 23. Nf3 Bf5 24. Bg5 Bg7 25. Qh4 Rae8 26. Bxf5 Qxf5 27. Bh6 Bxh6 28. Qxh6 Nf4 29. Ng5 Qd7 30. Rxe8 Rxe8 31. Qh4 Nd3 32. b3 Qg7 33. bxc4 bxc4 34. Rd1 c3 35. Rxd3 Re1+ 36. Kh2 c2 37. Rc3 c1Q 38. Rxc1 Rxc1 39. Qe4 Qd7 40. Qa8+ Kg7 41. Qxa6 Rc7 42. Ne4 Qf7 43. Qd6 Qe7 44. Qxe7+ Rxe7 45. Nc5 Re1 46. a4 Re2 47. Kg3 Ra2 48. Kf3 Kf7 49. g4 Ra3+ 50. Ke4 h5 51. f3 h4 52. Kf4 g5+ 53. Kxg5 Rxf3 54. Kxh4 Rf4 55. Nb3 Rf3 56. Na5 Ra3 57. Nc6 Kf6 58. g5+ Kf5 59. a5 Ke6 60. g6 Kf6 61. d5 Kg7 62. d6 1-0

[Event "Hasselbacken op"]
[Site "Stockholm"]
[Date "2018.11.04"]
[Round "7"]
[White "Lyrberg, Patrik"]
[Black "Brynell, Stellan"]
[Result "1/2-1/2"]
[WhiteElo "2440"]
[BlackElo "2398"]
[PlyCount "68"]
[EventDate "2018.11.02"]
[EventType "swiss"]
[EventRounds "8"]
[EventCountry "SWE"]
[SourceTitle "CBM 187 Extra"]
[Source "ChessBase"]
[SourceDate "2018.11.04"]
[SourceVersion "1"]
[SourceVersionDate "2018.11.04"]
[SourceQuality "1"]

1. d4 e6 2. c4 Nf6 3. Nc3 Bb4 4. Qc2 0-0 5. a3 Bxc3+ 6. Qxc3 Ne4 7. Qc2 f5 8. Nh3 Nc6 9. f3 Nf6 10. Be3 d6 11. 0-0-0 Qe7 12. Bg5 e5 13. d5 Nd8 14. e3 Nf7 15. Bh4 c6 16. Kb1 Bd7 17. Ng5 cxd5 18. Nxf7 Qxf7 19. cxd5 Rfc8 20. Qb3 b5 21. Bxb5 Rab8 22. Bxd7 Nxd7 23. Qa2 Nc5 24. Rc1 Qb7 25. b4 a5 26. Be1 Nd3 27. Rxc8+ Rxc8 28. Bd2 axb4 29. axb4 Nxb4 30. Qb3 Rb8 31. Bxb4 Qxb4 32. Qxb4 Rxb4+ 33. Kc2 Rb5 34. e4 fxe4 1/2-1/2

[Event "Hasselbacken op"]
[Site "Stockholm"]
[Date "2018.11.02"]
[Round "2"]
[White "Sollerman, Mattias"]
[Black "Lyrberg, Patrik"]
[Result "0-1"]
[WhiteElo "2077"]
[BlackElo "2440"]
[PlyCount "75"]
[EventDate "2018.11.02"]
[EventType "swiss"]
[EventRounds "8"]
[EventCountry "SWE"]
[SourceTitle "CBM 187 Extra"]
[Source "ChessBase"]
[SourceDate "2018.11.04"]
[SourceVersion "1"]
[SourceVersionDate "2018.11.04"]
[SourceQuality "1"]

1. d4 Nf6 2. c4 e6 3. Nc3 Bb4 4. f3 d6 5. Bg5 0-0 6. e4 e5 7. d5 a5 8. Nge2 c6 9. Ng3 h6 10. Be3 Na6 11. Be2 Bc5 12. Bxc5 Nxc5 13. 0-0 Qb6 14. Kh1 Qxb2 15. Qc1 Qxc1 16. Rfxc1 Bd7 17. Rab1 Rfd8 18. Bd1 g6 19. Nf1 Rac8 20. Ne3 Rc7 21. Rc2 Rdc8 22. Rd2 Ne8 23. Na4 Nxa4 24. Bxa4 Kf8 25. Kg1 cxd5 26. Bxd7 Rxd7 27. cxd5 Rc3 28. Nd1 Rc4 29. Rdb2 Rdc7 30. Ne3 Ra4 31. Rxb7 Rxb7 32. Rxb7 Rxa2 33. Nc4 f5 34. Rd7 fxe4 35. fxe4 Nf6 36. Ra7 Nxe4 37. Rxa5 Rc2 38. Ra6 0-1

[Event "SWE-chT 1718 Elite"]
[Site "Sweden"]
[Date "2018.03.18"]
[Round "9.3"]
[White "Rasmussen, Allan Stig"]
[Black "Lyrberg, Patrik"]
[Result "1-0"]
[WhiteElo "2542"]
[BlackElo "2460"]
[PlyCount "59"]
[EventDate "2017.10.20"]
[EventType "team-tourn"]
[EventRounds "9"]
[EventCountry "SWE"]
[SourceTitle "EXT 2019"]
[Source "ChessBase"]
[SourceDate "2018.10.10"]
[SourceVersion "1"]
[SourceVersionDate "2018.10.10"]
[SourceQuality "1"]
[WhiteTeam "Eksjo"]
[BlackTeam "Kungstornet"]
[WhiteTeamCountry "SWE"]
[BlackTeamCountry "SWE"]

1. e4 Nf6 2. e5 Nd5 3. d4 d6 4. c4 Nb6 5. exd6 exd6 6. Nc3 Be7 7. h3 Nc6 8. Nf3 Bf5 9. d5 Ne5 10. Nd4 Bd7 11. b3 c5 12. dxc6 Nxc6 13. Be3 0-0 14. Be2 Nxd4 15. Bxd4 Bc6 16. 0-0 Bf6 17. f4 Re8 18. Bf3 Rc8 19. Qd2 Bxf3 20. Rxf3 d5 21. c5 Nd7 22. Nxd5 Bxd4+ 23. Qxd4 Kf8 24. Rd1 Nxc5 25. f5 Re4 26. Qd2 f6 27. b4 Na6 28. a3 Re5 29. Rd3 Qe8 30. Nxf6 1-0

[Event "SWE-chT 1718 Elite"]
[Site "Sweden"]
[Date "2018.03.17"]
[Round "8.3"]
[White "Schneider, Stefan"]
[Black "Lyrberg, Patrik"]
[Result "1-0"]
[WhiteElo "2390"]
[BlackElo "2460"]
[PlyCount "63"]
[EventDate "2017.10.20"]
[EventType "team-tourn"]
[EventRounds "9"]
[EventCountry "SWE"]
[SourceTitle "EXT 2019"]
[Source "ChessBase"]
[SourceDate "2018.10.10"]
[SourceVersion "1"]
[SourceVersionDate "2018.10.10"]
[SourceQuality "1"]
[WhiteTeam "Limhamn"]
[BlackTeam "Kungstornet"]
[WhiteTeamCountry "SWE"]
[BlackTeamCountry "SWE"]

1. d4 e6 2. c4 Nf6 3. Nf3 c5 4. d5 exd5 5. cxd5 g6 6. Nc3 d6 7. Bf4 a6 8. Nd2 b5 9. a4 b4 10. Nce4 Nxe4 11. Nxe4 Be7 12. Bh6 g5 13. e3 Nd7 14. Bd3 Ne5 15. Be2 Rg8 16. 0-0 f5 17. Bh5+ Ng6 18. Ng3 Bf6 19. Qc2 Qe7 20. Nxf5 Qe5 21. e4 Kd8 22. Rab1 Ra7 23. Bxg6 b3 24. Qe2 Rxg6 25. f4 Qe8 26. fxg5 Bxf5 27. Rxf5 Bd4+ 28. Kh1 Qxa4 29. Rf8+ Kc7 30. Qf1 Rb7 31. Ra8 Kb6 32. Ra1 1-0

[Event "SWE-chT 1718 Elite"]
[Site "Sweden"]
[Date "2017.10.21"]
[Round "2"]
[White "Lyrberg, Patrik"]
[Black "Degerman, Lars"]
[Result "1-0"]
[WhiteElo "2460"]
[BlackElo "2451"]
[PlyCount "93"]
[EventDate "2017.10.20"]
[EventType "team-tourn"]
[EventRounds "9"]
[EventCountry "SWE"]
[SourceTitle "EXT 2019"]
[Source "ChessBase"]
[SourceDate "2018.10.10"]
[SourceVersion "1"]
[SourceVersionDate "2018.10.10"]
[SourceQuality "1"]
[WhiteTeam "Kungstornet"]
[BlackTeam "Farsta"]
[WhiteTeamCountry "SWE"]
[BlackTeamCountry "SWE"]

1. d4 Nf6 2. Nf3 g6 3. c3 Bg7 4. Bg5 0-0 5. Nbd2 d5 6. Bxf6 Bxf6 7. e4 dxe4 8. Nxe4 Bg7 9. Bc4 Nd7 10. 0-0 Nb6 11. Bb3 c6 12. Ne5 Nd5 13. Qe2 a5 14. f4 a4 15. Bc4 a3 16. Rae1 axb2 17. Qxb2 Qa5 18. Rf3 Ra7 19. Ng3 e6 20. Rc1 Rd8 21. Ne2 c5 22. Kh1 f6 23. Ng4 Nb6 24. Bb3 c4 25. Bc2 Nd5 26. Bb1 Ra6 27. Qd2 Bd7 28. Rh3 Ne7 29. Nh6+ Bxh6 30. Rxh6 Nf5 31. Rh3 Bc6 32. Re1 Rb6 33. Ng3 Rxd4 34. Qe2 Nxg3+ 35. Rxg3 Rd6 36. Bxg6 hxg6 37. Rxg6+ Kf7 38. Qg4 Bxg2+ 39. Kxg2 Rd2+ 40. Kf1 Ke7 41. Rg7+ Kd8 42. Rf7 Kc8 43. Rf8+ Kc7 44. Qg8 Rbd6 45. Rc8+ Kb6 46. Rb1+ Qb5 47. Qg1+ 1-0

[Event "SWE-chT 1617"]
[Site "Sweden"]
[Date "2017.03.04"]
[Round "6.5"]
[White "Lyrberg, Patrik"]
[Black "Lindgren, Fredrik"]
[Result "0-1"]
[WhiteElo "2460"]
[BlackElo "2232"]
[PlyCount "106"]
[EventDate "2016.10.14"]
[EventType "team-tourn"]
[EventRounds "9"]
[EventCountry "SWE"]
[SourceTitle "CBM 177 Extra"]
[Source "ChessBase"]
[SourceDate "2017.04.27"]
[SourceVersion "1"]
[SourceVersionDate "2017.04.27"]
[SourceQuality "1"]
[WhiteTeam "Kungstornet"]
[BlackTeam "Umea Rockaden"]
[WhiteTeamCountry "SWE"]
[BlackTeamCountry "SWE"]

1. Nf3 Nf6 2. c4 g6 3. Nc3 Bg7 4. e4 d6 5. d4 0-0 6. h3 Nc6 7. d5 Nb8 8. Be2 Nbd7 9. Be3 Nc5 10. Nd2 Nfd7 11. 0-0 Bxc3 12. bxc3 e5 13. f4 exf4 14. Bxf4 Re8 15. Bf3 Ne5 16. Be3 b6 17. Be2 a5 18. Qe1 Qe7 19. Qg3 f6 20. h4 Bd7 21. Bd4 Rf8 22. Rf2 Rae8 23. Raf1 Qg7 24. h5 g5 25. Qe3 h6 26. Qg3 Bc8 27. Qe3 Re7 28. g4 Ref7 29. Rg2 Qh7 30. Rg3 Re7 31. Rg2 Qf7 32. Rgf2 Kg7 33. Qg3 Qe8 34. Bd1 Ref7 35. Rg2 Ba6 36. Bc2 Qe7 37. Bxe5 fxe5 38. Rf5 Bc8 39. Nf1 Bxf5 40. exf5 e4 41. Re2 Re8 42. Re3 Qe5 43. Qe1 Qf4 44. Qe2 Rfe7 45. Nd2 Kf6 46. Nb3 Nd3 47. Nd4 Nc1 48. Qe1 Qxg4+ 49. Rg3 Qf4 50. Kg2 Nd3 51. Qe2 Qc1 52. Bxd3 exd3 53. Qxd3 Re3 0-1